000 01161nam a22002057a 4500
999 _c63518
_d63518
003 Ge_BSU
005 20251023210832.0
008 251022s2005 ge ||||| |||| 00| 0 geo d
020 _a9994025317
041 _ageo
080 _a336.717(479.22) ვ-25
100 _aვაშაყმაძე, ირინა
_926098
245 _aსაქართველოს საბანკო სისტემის ფინანსური მდგრადობის მნიშვნელობა ეკონომიკის სტაბილიზაციის მიღწევაში /
_cირინა ვაშაყმაძე; რედ. გ. გამსახურდია.
264 _aბათუმი :
_bბათუმის უნივერსიტეტი,
_c2005.
300 _a180 გვ.;
_b22 სმ.
653 _aსაბანკო ოპერაციები
653 _aფული და ფულის მიმოქცევა საქართველოში
700 _aგამსახურდია, გ.
_eრედაქტორი
_915683
942 _2udc
_cᲬᲘᲒᲜᲘ